000 00478nam a22002057a 4500
003 bpm
005 20260409121522.0
008 260409b |||||||| |||| 00| p spa d
022 _a9788484450245
024 _aS. C. C. / M. C. y E. M.:
040 _aAR-CtUCP
041 _aspa
080 _aCDU
100 _aClements Jonathan
245 _aLa luna en los pinos
260 _aMadrid
_bGaia
_c2001
650 _aLiteratura - Poesía
942 _cLIB
999 _c76629
_d76629